Košice pre Slovákov stále neobjavené

Nárast nemecky hovoriacich turistov v Košiciach v roku 2013, kedy Košice boli Európskym hlavným mestom kultúry. Prieskum spoločnosti TNS Slovakia o spotrebiteľskom správaní v cestovnom ruchu. Pre východ Slovenska sa ukazuje ako kľúčové zo strategického hľadiska vybudovať atrakciu stredoeurópskeho vý...

Descripción completa

Guardado en:
Detalles Bibliográficos
Autor principal: Niňajová, Iveta
Formato: Capítulo de libro
Lenguaje:eslovaco
Materias:
Etiquetas: Agregar Etiqueta
Sin Etiquetas, Sea el primero en etiquetar este registro!

MARC

LEADER 00000naa a2200000 4500
001 0185481
005 20231113101140.0
041 0 |a slo 
044 |a SK 
245 1 0 |a Košice pre Slovákov stále neobjavené  |c Iveta Niňajová 
520 |a Nárast nemecky hovoriacich turistov v Košiciach v roku 2013, kedy Košice boli Európskym hlavným mestom kultúry. Prieskum spoločnosti TNS Slovakia o spotrebiteľskom správaní v cestovnom ruchu. Pre východ Slovenska sa ukazuje ako kľúčové zo strategického hľadiska vybudovať atrakciu stredoeurópskeho významu. Televízna relácia Vo štvorici po Slovensku - koncept nedotiahnutý do konca. 
610 2 0 |a ruch cestovný 
610 2 0 |a kraje 
610 2 0 |a mestá 
610 2 0 |a prieskum 
610 2 0 |a správanie spotrebiteľa 
610 2 0 |a televízia 
610 2 0 |a propagácia 
610 2 0 |a Slovensko 
100 1 |a Niňajová, Iveta